Revolución mexicana : crónica ilustrada / director de la obra, Vicente Casarrubias ; asesor, Diego Arenas Guzmán ; coordinador Enrique Rodríguez Zamacois

Tallennettuna:
Bibliografiset tiedot
Muut tekijät: I.Casarrubias, Vicente \ II.Arenas Guzmán, Diego \ III.Rodríguez Zamacois, Enrique (autor) (autor)
Aineistotyyppi: Kirja
Aiheet:
Tagit: Lisää tagi
Ei tageja, Lisää ensimmäinen tagi!

MARC

LEADER 00000nam^a2200000^u^4500
001 000549453
005 20250521000000.0
008 060220s1000^^^^^^^^^^^^r^^^^^000^0^spa^d
009 20260310131514.305
035 |a FMI 000019211 
037 |a Acervo Xavier Clavigero 
096 |a 3.5/159/E 
245 0 0 |a Revolución mexicana : crónica ilustrada / director de la obra, Vicente Casarrubias ; asesor, Diego Arenas Guzmán ; coordinador Enrique Rodríguez Zamacois 
264 |a México : Publex 
300 |a 1 v. (varias paginaciones) 
336 |a texto  |b txt  |2 rdacontenido 
337 |a sin mediación  |b n  |2 rdamedio 
338 |a volumen  |b nc  |2 rdasoporte 
649 |a XX 
650 |a Historia de México \ 2.Revolución Mexicana 
700 |a I.Casarrubias, Vicente \ II.Arenas Guzmán, Diego \ III.Rodríguez Zamacois, Enrique  |e (autor) 
910 |a Fondo Francisco Migoya Covarrubias S.J. 
920 |a Impresos - Libros 
930 |a Fondos Especiales 
905 |a 134 
901 |a SBC28090  |b IT2  |c ESP  |u 20250521 
902 |a https://opac.biblio.iteso.mx/vufind/Record/000549453